000
00289nam a2200121Ia 4500
008
191201s2012 xx 000 0 und d
100
_a
PANDEY, M K
245
0
_a
Analytical Reasoning
260
_a
N. delhi
_b
BSC publishing
_c
2012
300
_a
709
650
_a
B.Tech(ME)
942
_2
ddc
_c
BK
999
_c
5612
_d
5612